000 00365nam a2200109Ia 4500
008 220216s9999 xx 000 0 und d
100 _aLamb D
245 0 _aEffectivity of research and its implementation in the industry
260 _bProceedings of the International Rubber Conference, Colombo, 1984, V1. Part 2; p707-709
650 _aRubber industry
942 _cJS
999 _c58271
_d58271